| 000 | 01189nam a2200325 i 4500 | ||
|---|---|---|---|
| 001 | 69749 | ||
| 003 | Mx-PuUPA | ||
| 005 | 20220627122213.0 | ||
| 008 | 220617s2015 nyu||||gr|||| 00| 0 eng d | ||
| 020 |
_a9780199316472 _qpapel alcalino |
||
| 040 |
_aMx-PuUPA _bspa _cMx-PuUPA _dMx-PuUPA _erda |
||
| 041 | 0 | _aeng | |
| 100 | 1 |
_aLuthans, Fred, _eautor _912791 |
|
| 245 | 1 | 0 |
_aPsychological capital and beyond / _cFred Luthans, Carolyn M. Youssef-Morgan and Bruce J. Avolio |
| 264 | 1 |
_aNew York, NY : _bOxford University Press, _c©2015 |
|
| 300 |
_axv, 318 páginas ; _c24 cm |
||
| 336 |
_2rdacontent _atexto _btxt |
||
| 337 |
_2rdamedia _asin medio _bn |
||
| 338 |
_2rdacarrier _avolumen _bnc |
||
| 650 | 7 |
_2armarc _aComportamiento organizacional |
|
| 650 | 7 |
_2armarc _aCapital humano _xAspectos psicológicos |
|
| 650 | 7 |
_2armarc _aMotivación de los empleados |
|
| 650 | 7 |
_2armarc _aPsicología industrial |
|
| 700 | 1 |
_aYourssef-Morgan, Carolyn M. _eautor |
|
| 700 | 1 |
_aAvolio, Bruce J. _eautor |
|
| 942 |
_2ddc _h302.35 _cLI _iL973 |
||
| 999 |
_c69749 _d69749 |
||